| 000 | 01282nam a2200205 4500 | ||
|---|---|---|---|
| 001 | 8304 | ||
| 090 | _a8304 | ||
| 099 | _tLIVR | ||
| 100 | _a20250612d u||y0frey5050 ba | ||
| 101 | _aara | ||
| 102 | _aTN | ||
| 200 |
_aالفن التشكيلي في السودان _bLIVR _fراشد دياب |
||
| 210 |
_aTunis _cالمنظمة العربية للتربية و الثقافة و العلوم _d2004 |
||
| 215 |
_a171p. _ccouv.ill. _d27x23,5 |
||
| 606 |
_aالفن التشكيلي في السودان _xالسودان الموقع و التاريخ _xأثر الفنون التقليدية و الشعبية في الفنون التشكيلية المعاصرة _xالرواد قبل التعليم الأكاديمي _xفن المقاهي _xالمدراس التشكيلية _xالاصالة و المعاصرة في التشكيل السوداني _xبيان المدرسة الكريستالية _xفنون الكتابة في السودان _xالحروفية السودانية _xالخط العربي _xاتحاد الفنانين التشكيليين السودانيين _921488 |
||
| 700 |
_4070 _a دياب _bراشد _921478 |
||
| 701 |
_4Conception Graphique _bعبد الرزاق الخشين _921479 |
||
| 701 | _921480 | ||
| 801 |
_aTN _b32BIS _c20250612 _gUNIMARC |
||
| 830 | _aMS | ||